| 000 | 00624nam a2200193Ia 4500 | ||
|---|---|---|---|
| 003 | OSt | ||
| 005 | 20250811121333.0 | ||
| 020 | _a978-0-8036-4417-5 | ||
| 040 | _cLC | ||
| 050 |
_aRT 71 .H 64 2017 _b2 |
||
| 100 | _aHOFFMAN, JANICE J. | ||
| 245 | 0 | _aMEDICAL-SURGICAL NURSING: MAKING CONNECTIONS TO PRACTICE | |
| 260 |
_aPHILADELPHIA, _bF.A. DAVIS COMPANY, _c2017, |
||
| 300 | _aLiV, 1599 P, ILL | ||
| 500 | _aINCLUDES BIBLIOGRAPHICAL REFERENCES AND INDEX | ||
| 650 | _aMedical-Surgical Nursing--education Evidence-Based Nursing--education Clinical Decision-Making | ||
| 700 | _aSULLIVAN NANCY J | ||
| 942 |
_cBK _2lcc _n0 |
||
| 999 |
_c200547 _d200547 |
||